Condiciones de luna (Record no. 183552)
[ view plain ]
| 000 -LEADER | |
|---|---|
| campo de control de longitud fija | 01164nam a2200289 i 4500 |
| 001 - NÚMERO DE CONTROL | |
| campo de control | 183552 |
| 003 - IDENTIFICADOR DE NÚMERO DE CONTROL | |
| campo de control | ES-MaACL |
| 005 - FECHA Y HORA DE LA ÚLTIMA TRANSACCIÓN | |
| campo de control | 20250523062605.0 |
| 008 - DATOS DE LONGITUD FIJA--INFORMACIÓN GENERAL | |
| campo de control de longitud fija | 140718s2013 sp a |||| | spa d |
| 020 ## - NÚMERO INTERNACIONAL ESTÁNDAR DEL LIBRO | |
| Número Internacional Estándar del Libro | 978-84-7960-577-3 |
| 080 ## - NÚMERO DE LA CLASIFICACIÓN DECIMAL UNIVERSAL | |
| Número de la Clasificación Decimal Universal | 821.134.2-14"19" |
| 100 1# - ENTRADA PRINCIPAL--NOMBRE DE PERSONA | |
| Nombre de persona | Escudero, Isabel, |
| Fechas asociadas al nombre | 1944-2017 |
| 9 (RLIN) | 47684 |
| 245 10 - MENCIÓN DEL TÍTULO | |
| Título | Condiciones de luna |
| Resto del título | : antología : coplas y juegos de lengua, ritmo y razón / |
| Mención de responsabilidad, etc. | Isabel Escudero ; epílogo, Agustín García Calvo ; ilustraciones, Dinah Salama. |
| 246 30 - FORMA VARIANTE DEL TITULO | |
| Título propio/Titulo breve | Coplas y juegos de lengua, ritmo y razón |
| 250 ## - MENCION DE EDICION | |
| Mención de edición | 1ª ed. |
| 260 ## - PUBLICACIÓN, DISTRIBUCIÓN, ETC. | |
| Lugar de publicación, distribución, etc. | Madrid : |
| Nombre del editor, distribuidor, etc. | Ediciones de la Torre, |
| Fecha de publicación, distribución, etc. | 2013. |
| 300 ## - DESCRIPCIÓN FÍSICA | |
| Extensión | 107 p. : |
| Otras características físicas | il. col. ; |
| Dimensiones | 22 cm + |
| Material acompañante/anejo | 1 CD-DA. |
| 490 1# - MENCIÓN DE SERIE | |
| Mención de serie | Biblioteca de nuestro mundo. |
| -- | Antología ; |
| Designación de volumen o secuencia | 26 |
| 700 1# - ENTRADA AGREGADA--NOMBRE PERSONAL | |
| Nombre de persona | García Calvo, Agustín, |
| Fechas asociadas al nombre | 1926-2012 |
| 9 (RLIN) | 233841 |
| 700 1# - ENTRADA AGREGADA--NOMBRE PERSONAL | |
| Nombre de persona | Salama, Dinah. |
| 9 (RLIN) | 101703 |
| 830 0# - PUNTO DE ACCESO ADICIONAL DE SERIE-TÍTULO UNIFORME | |
| Título uniforme | Biblioteca de nuestro mundo. |
| -- | Antología ; |
| Designación de volumen o secuencia | 26 |
| 9 (RLIN) | 224659 |
| 852 ## - LOCALIZACIÓN | |
| Ubicación | ES-MaACL |
| itemnumber | 190494 |
| Sublocalización o colección | R.150083 |
| Número de control de estantería | A-13162 |
| Signatura antigua | Olim: N-6162 |
| Encuadernación | enc. tela roja |
| Ubicación en estantería | Depósito 1 |
| 852 ## - LOCALIZACIÓN | |
| Ubicación | ES-MaACL |
| Número de control de estantería | ROT 2/6/34 (CD-DA) |
| 942 ## - ELEMENTOS DE ENTRADA SECUNDARIOS (KOHA) | |
| Fuente del sistema de clasificación o colocación | Clasificación decimal universal |
| Tipo de ítem Koha | Libro impreso |
| Estatus retirado | Estado de pérdida | Estado de daño | No para préstamo | Biblioteca de origen | Biblioteca actual | Ubicación en estantería | Fecha de adquisición | Fuente de adquisición | Total de préstamos | Signatura topográfica completa | Código de barras | Visto por última vez | Precio de reemplazo | Tipo de ítem Koha | Fuente del sistema de clasificación o colocación |
|---|---|---|---|---|---|---|---|---|---|---|---|---|---|---|---|
| Biblioteca del Ateneo de Madrid | Biblioteca del Ateneo de Madrid | Depósito | 20/12/2016 | ROT 2/6/34 | 1196847 | 23/02/2023 | 23/02/2023 | Libro impreso | |||||||
| Biblioteca del Ateneo de Madrid | Biblioteca del Ateneo de Madrid | Depósito 1 | 18/07/2014 | Donación | A-13162 | 1192933 | 23/02/2023 | 23/02/2023 | Libro impreso | Clasificación decimal universal |
